200 CupCakes (Record no. 12635)

MARC details
000 -LEADER
fixed length control field 00246nam a22000977a 4500
008 - FIXED-LENGTH DATA ELEMENTS--GENERAL INFORMATION
fixed length control field 240831b |||||||| |||| 00| 0 eng d
020 ## - INTERNATIONAL STANDARD BOOK NUMBER
International Standard Book Number 9780600620983
100 ## - MAIN ENTRY--PERSONAL NAME
Personal name Farrow Joanna
9 (RLIN) 7793
245 ## - TITLE STATEMENT
Title 200 CupCakes
260 ## - PUBLICATION, DISTRIBUTION, ETC. (IMPRINT)
Place of publication, distribution, etc. Great Britan
Name of publisher, distributor, etc. Hamlyn
Date of publication, distribution, etc. 2010
Holdings
Withdrawn status Lost status Source of classification or shelving scheme Damaged status Koha normalized classification for sorting Not for loan Home library Current library Shelving location Date acquired Total Checkouts Full call number Barcode Date last seen Date last checked out Price effective from Koha item type
    Dewey Decimal Classification   FOR_648_000000000000000   Good Samaritan School Library Good Samaritan School Library Home Science 08/31/2024 1 FOR648 FOR17835 09/04/2024 09/02/2024 08/31/2024 BOOK

Powered by Koha